Les personnages principaux des jeux GTA - Statistiques

Statistiques générales
  • Ce quiz a été pris 100 fois
  • Le résultat moyen est 9 sur 36
Statistiques - réponses
Jeu Personnage principal % Correct
Grand Theft Auto V Trevor Philips
93%
Grand Theft Auto V Franklin Clinton
91%
Grand Theft Auto Online Franklin Clinton
91%
Grand Theft Auto V Michael de Santa
85%
Grand Theft Auto San Andreas Carl "CJ" Johnson
70%
Grand Theft Auto IV Nikolai "Niko" Bellic
63%
Grand Theft Auto Vice City Thomas "Tommy" Vercetti
54%
Grand Theft Auto 2 Claude Speed
47%
Grand Theft Auto III Claude
46%
Grand Theft Auto VI Lucia
44%
Grand Theft Auto IV The Lost and Damned Jonathan "Johnny" Klebitz
34%
Grand Theft Auto VI Jason
30%
Grand Theft Auto Online Lamar Davis
26%
Grand Theft Auto The Ballad of Gay Tony Luis Fernando Lopez
25%
Grand Theft Auto Vice City Stories Victor "Vic" Vance
23%
Grand Theft Auto Liberty City Stories Antonio "Toni" Cipriano
20%
Grand Theft Auto Chinatown Wars Huang Lee
11%
Grand Theft Auto Advance Mike
10%
Grand Theft Auto (au choix) Bubba
3%
Grand Theft Auto (au choix) Mikki
2%
Grand Theft Auto London 1969 et 1961 (au choix) Sid Vacant
2%
Grand Theft Auto London 1969 et 1961 (au choix) Charles Jones
1%
Grand Theft Auto (au choix) Divin
1%
Grand Theft Auto (au choix) Katie
1%
Grand Theft Auto (au choix) Kivlov
1%
Grand Theft Auto London 1969 et 1961 (au choix) Maurice Caine
1%
Grand Theft Auto London 1969 et 1961 (au choix) Rodney Morash
1%
Grand Theft Auto (au choix) Travis
1%
Grand Theft Auto (au choix) Troy
1%
Grand Theft Auto (au choix) Ulrika
1%
Grand Theft Auto 2 (au choix) Calligari
0%
Grand Theft Auto 2 (au choix) Candy
0%
Grand Theft Auto 2 (au choix) Eddie
0%
Grand Theft Auto 2 (au choix) Gretchen
0%
Grand Theft Auto 2 (au choix) Paulo
0%
Grand Theft Auto 2 (au choix) Ruben
0%
Aucun quiz correspondant
Distribution des résultats
% des personnes avec chaque résultat
Percentile par nombre de réponses
Votre historique - résultats
Vous n’avez pas pris ce quiz